000 00355nam a2200157Ia 4500
005 20250411032212.0
008 240331s9999 xx 000 0 und d
020 _a955200151X
082 _bSIR
_a891
100 _aSiriwardena,D
245 0 _a Ayoma - I
260 _aColombo
_b Godage & Sons
_c1988
300 _a244 p .,
650 _aNovel
942 _cL
999 _c4839
_d4839